Proceso y decisión : lecciones mexicanas de derecho procesal /

Bibliographic Details
Main Author: Taruffo, Michele (Author)
Other Authors: Bonifaz Alfonzo, Leticia (contributor agent of text.), Castillo González, Leonel (contributor agent of text.), Río Salcedo, Jaime del (contributor agent of text.), Luna Ramos, José Alejandro (contributor agent of text.)
Format: Electronic eBook
Language:Spanish
Published: Madrid : Marcial Pons, 2012.
Series:Colección Proceso y derecho.
Subjects:
Online Access:Digitalia Hispánica

MARC

LEADER 00000nam a2200000 i 4500
001 DIGMPONS0349
003 NyNyDIG
007 cr |||||||||||
008 231103s2012 sp ob 000 0 spa d
006 m o d
035 |a (OCoLC)1376743663 
040 |a DGITA  |b eng  |e rda  |e pn  |c DGITA 
020 |a 9788413815978  |q eBook 
020 |z 9788497689380 
043 |a n-mx--- 
050 1 4 |a KGF2569 ebook 
100 1 |a Taruffo, Michele,  |e author. 
245 1 0 |a Proceso y decisión :  |b lecciones mexicanas de derecho procesal /  |c Michele Taruffo ; prólogo de Leticia Bonifaz Alfonso y Leonel Castillo González ; presentación de Jaime del Río Salcedo ; estudio preliminar de José Alejandro Luna Ramos. 
264 1 |a Madrid :  |b Marcial Pons,  |c 2012. 
300 |a 1 online resource. 
336 |a text  |b txt  |2 rdacontent 
337 |a computer  |b c  |2 rdamedia 
338 |a online resource  |b cr  |2 rdacarrier 
347 |a text file  |2 rdaft 
347 |b PDF 
490 1 |a Proceso y derecho 
504 |a Includes bibliographical references. 
588 0 |a Online resource; title from PDF title page (Digitalia, viewed November 3, 2023) 
650 0 |a Procedure (Law)  |z Mexico. 
700 1 |a Bonifaz Alfonzo, Leticia,  |e contributor agent of text. 
700 1 |a Castillo González, Leonel,  |e contributor agent of text. 
700 1 |a Río Salcedo, Jaime del,  |e contributor agent of text. 
700 1 |a Luna Ramos, José Alejandro,  |e contributor agent of text. 
791 2 |a Digitalia (Firm),  |e distributor. 
793 0 |g Digitalia eBook Collection:  |a Marcial Pons 
776 0 8 |i Print version:  |a Taruffo, Michele.  |t Proceso y decisión.  |d Madrid : Marcial Pons, [2012]  |z 9788497689380 
830 0 |a Colección Proceso y derecho. 
856 4 0 |3 Digitalia Hispánica  |u https://www.digitaliapublishing.com/a/127455/ 
910 |a Premium collection: 2023